Lý thuyết mạch

Tallennettuna:
Bibliografiset tiedot
Päätekijä: Phương Xuân Nhàn (Tác giả)
Aineistotyyppi: Kirja
Julkaistu: H. Khoa học và Kỹ thuật 1999
Tagit: Lisää tagi
Ei tageja, Lisää ensimmäinen tagi!
Thư viện lưu trữ: Mạng thư viện Đại học Đà Nẵng
LEADER 00705nam a2200217 4500
001 000013313
003 9653
005 20150812150854.0
008 120313s1999 sd
100 0 |a Phương Xuân Nhàn  |e Tác giả 
245 0 0 |a Lý thuyết mạch  |c Phương Xuân Nhàn, Hồ Anh Túy 
260 |a H.  |b Khoa học và Kỹ thuật  |c 1999 
774 |a Phương Xuân Nhàn  |b Tái bản, có chỉnh sửa, bổ sung  |d H.  |d Khoa học và Kỹ thuật  |d 1999  |g T.2  |h 311tr.  |w 9652 
OWN |a LSP 
999 |a From the UDN01 
TYP |a Monograph 
TYP |a Printed language 
980 |a Mạng thư viện Đại học Đà Nẵng